Galileo (Registo nº 875)

Detalhes MARC
000 -Etiqueta do registo
Cabeçalho 00485 a2200217 4500
005 - Identificador da versão
Campo de controlo 20240819123439.0
021 ## - Número do Depósito Legal
Código do país PT
035 ## - Other System Control Numbers
System Control Number 0000943
System Control Number 0000936
System Control Number 0000922
100 ## - Dados gerais de processamento
Dados gerais de processamento 20090202 m y0pory5003 ba
101 1# - Língua de publicação
Língua do texto, banda sonora, etc. Português
Língua do documento no original Inglês
102 ## - Pais de publicação ou produção
País de publicação Portugal
200 1# - Titulo e menção de responsabilidade
Título próprio Galileo
Primeira menção de responsabilidade Joseph Losey
Outras menções de responsabilidade Bertold Brecht
210 ## - Publicação, Distribuição, etc. 
Lugar da edição, distribuição, etc. Lisboa
Nome do editor, distribuidor, etc. Filmes Unimundos
215 ## - Descrição física 
Dimensões 139 minutos
225 2# - Colecção 
Título próprio da colecção american film theatre
942 ## - Elementos de entrada adicionados (Koha)
Tipo de item no Koha DVD
966 ## - Identificação da Biblioteca
Sigla NUMETECA
Exemplares
Situação do levantamento Origin of item (home branch) (coded) Biblioteca de empréstimo Código de barras Cota Circulation type (not for loan) Tipo de documento Nota do exemplar Damaged status
  Biblioteca Escolar Eng. Nuno Mergulhão Biblioteca Escolar Eng. Nuno Mergulhão BENM90DVD F GAL 90   DVD Sem mensagem